Kinh nghiệm tổ chức quản lý nông thôn Việt Nam trong lịch sử /
Na minha lista:
| Những tác giả chính: | , |
|---|---|
| Outros Autores: | |
| Formato: | Sách giấy |
| Idioma: | Vietnamese |
| Publicado em: |
Hà Nội :
Chính trị Quốc gia ,
1994
|
| Tags: |
Adicionar Tag
Sem tags, seja o primeiro a adicionar uma tag!
|
| Thư viện lưu trữ: | Thư viện Trường Đại học Đà Lạt |
|---|
| LEADER | 00796nam a2200277 4500 | ||
|---|---|---|---|
| 001 | DLU020012691 | ||
| 005 | ##5/27/2000 | ||
| 020 | # | # | |a 978- |
| 041 | # | # | |a vie |
| 082 | # | # | |a 320.84 |b Kin |
| 090 | # | # | |a 320.84 |b Kin |
| 100 | # | # | |a Nguyễn Quang Ngọc |
| 100 | # | # | |a Phan Đại Doãn |
| 245 | # | # | |a Kinh nghiệm tổ chức quản lý nông thôn Việt Nam trong lịch sử / |c Phan Đại Doãn, Nguyễn Quang Ngọc, Doãn Phan Đại, Ngọc Nguyễn Quang, ... Chu Hữu Quý |
| 260 | # | # | |a Hà Nội : |b Chính trị Quốc gia , |c 1994 |
| 300 | # | # | |a 324 tr.; |c 19 cm. |
| 700 | # | # | |a Chu Hữu Quý |
| 992 | # | # | |a 17000 |
| 994 | # | # | |a DLU |
| 900 | # | # | |a False |
| 911 | # | # | |a Administrator |
| 925 | # | # | |a G |
| 926 | # | # | |a A |
| 927 | # | # | |a SH |
| 980 | # | # | |a Thư viện Trường Đại học Đà Lạt |